LIBRARY & INFORMATION CENTRE, KCAET, TAVANUR

ONLINE PUBLIC ACCESS CATALOGUE (OPAC)

Polytechnic general science parrt-2 / (Record no. 10698)

MARC details
000 -LEADER
fixed length control field 00542cam a2200229ua 4500
041 ## - LANGUAGE CODE
Language code of text/sound track or separate title eng
082 ## - DEWEY DECIMAL CLASSIFICATION NUMBER
Classification number 500
Item number MAD/PO
100 ## - MAIN ENTRY--AUTHOR NAME
Personal name Madhu, .
245 ## - TITLE STATEMENT
Title Polytechnic general science parrt-2 /
260 ## - PUBLICATION, DISTRIBUTION, ETC. (IMPRINT)
Place of publication Trichur :
Name of publisher T D Warrier ,
Year of publication 1965.
300 ## - PHYSICAL DESCRIPTION
Number of Pages 443 ; .
700 1# - ADDED ENTRY--PERSONAL NAME
Personal name Moidheen, .
942 ## - ADDED ENTRY ELEMENTS (KOHA)
Koha item type Books
Holdings
Withdrawn status Lost status Damaged status Home library Current library Date acquired Full call number Accession Number Koha item type Public note
Withdrawn     KAUAET KAUAET 07/04/2012 500 8331 Books  
Withdrawn     KAUAET Sanskrit University 07/04/2012 500 8325 Books Transferred to Sanskrit University
Withdrawn     KAUAET Sanskrit University 07/04/2012 500 8324 Books Transferred to Sanskrit University
Withdrawn     KAUAET Sanskrit University 07/04/2012 500 8326 Books Transferred to Sanskrit University
Withdrawn     KAUAET Sanskrit University 07/04/2012 500 8327 Books Transferred to Sanskrit University
free website counter